Statistics for Countries Affected by Donald Trump's Travel Ban

Click here to take the quiz!

General Stats

  • This quiz has been taken 569 times
  • The average score is 5 of 7

Answer Stats

Answer% Correct
Iran
95%
Iraq
95%
Syria
88%
Yemen
76%
Somalia
61%
Libya
60%
Sudan
53%

Score Distribution

Percentile by Number Answered

Percent of People with Each Score

Your Score History

You have not taken this quiz